Fundamentals of financial derivatives (Record no. 264290)

MARC details
000 -LEADER
fixed length control field 00496nam a2200181Ia 4500
008 - FIXED-LENGTH DATA ELEMENTS--GENERAL INFORMATION
fixed length control field 191130s2008##################000#0#eng##
020 ## - INTERNATIONAL STANDARD BOOK NUMBER
ISBN 9788126516599
082 ## - DEWEY DECIMAL CLASSIFICATION NUMBER
Classification number 652.15 PAR
100 ## - MAIN ENTRY--AUTHOR NAME
Personal name Parasuraman, N. R
245 ## - TITLE STATEMENT
Title Fundamentals of financial derivatives
Statement of responsibility, etc N.R. Parasuraman
260 ## - PUBLICATION, DISTRIBUTION, ETC. (IMPRINT)
Place of publication New Delhi
Name of publisher Wiley India
Year of publication 2008
300 ## - PHYSICAL DESCRIPTION
Number of Pages 254 p. ; 24 cm
650 ## - SUBJECT ADDED ENTRY--TOPICAL TERM
Topical Term Management
991 ## -
-- 438115
Holdings
Withdrawn status Lost status Damaged status Not for loan Home library Current library Shelving location Date acquired Full call number Accession Number Price effective from Koha item type
        Anna Centenary Library Anna Centenary Library 6TH FLOOR, A WING 13.10.2020 652.15 PAR 126404 13.10.2020 English Books

Find us on the map